000 00367nam a2200157Ia 4500
003 OSt
008 191201s2013 xx 000 0 und d
082 _a621.43
_bHEI
100 _aHEYWOOD, John B
245 0 _aInternal Combustion Engines Fundamentals
250 _aRep
260 _aNew Delhi
_bTMH
_c2013
300 _a930
650 _aB.Tech(ME)
942 _2ddc
_cBK
999 _c5628
_d5628